Statistics for 21 Times Table Game

Click here to take the quiz!

General Stats

  • This quiz has been taken 674 times
    (575 since last reset)
  • The average score is 19 of 21

Answer Stats

ProblemAnswer% Correct
21 x 242
98%
21 x 121
97%
21 x 5105
96%
21 x 363
96%
21 x 7147
94%
21 x 484
94%
21 x 6126
93%
21 x 9189
93%
21 x 11231
93%
21 x 13273
93%
21 x 8168
92%
21 x 10210
92%
21 x 12252
91%
21 x 15315
90%
21 x 16336
90%
21 x 14294
89%
21 x 18378
89%
21 x 17357
88%
21 x 20420
88%
21 x 21441
88%
21 x 19399
87%

Score Distribution

Percentile by Number Answered

Percent of People with Each Score

Your Score History

You have not taken this quiz since the last reset